<?xml version="1.0" encoding="UTF-8"?>
<record
    xmlns:xsi="http://www.w3.org/2001/XMLSchema-instance"
    xsi:schemaLocation="http://www.loc.gov/MARC21/slim http://www.loc.gov/standards/marcxml/schema/MARC21slim.xsd"
    xmlns="http://www.loc.gov/MARC21/slim">

  <leader>01167    a2200241   4500</leader>
  <controlfield tag="005">20260515101801.0</controlfield>
  <controlfield tag="008">260515b        |||||||| |||| 00| 0 eng d</controlfield>
  <datafield tag="020" ind1=" " ind2=" ">
    <subfield code="a">9789332557550</subfield>
  </datafield>
  <datafield tag="040" ind1=" " ind2=" ">
    <subfield code="a">CSL</subfield>
    <subfield code="c">CSL</subfield>
  </datafield>
  <datafield tag="041" ind1=" " ind2=" ">
    <subfield code="2">eng</subfield>
    <subfield code="a">eng</subfield>
  </datafield>
  <datafield tag="084" ind1=" " ind2=" ">
    <subfield code="a">D65 Q5-;13</subfield>
    <subfield code="q">CSL</subfield>
  </datafield>
  <datafield tag="100" ind1=" " ind2=" ">
    <subfield code="a">Bose, Bimal K. </subfield>
    <subfield code="9">1114234</subfield>
    <subfield code="e">author</subfield>
  </datafield>
  <datafield tag="245" ind1=" " ind2=" ">
    <subfield code="a">Modern power electronics and AC drives</subfield>
  </datafield>
  <datafield tag="260" ind1=" " ind2=" ">
    <subfield code="a">Noida :</subfield>
    <subfield code="b">Pearson,</subfield>
    <subfield code="c">2025.</subfield>
  </datafield>
  <datafield tag="300" ind1=" " ind2=" ">
    <subfield code="a">xxiii, 720p.</subfield>
    <subfield code="b">: ill</subfield>
    <subfield code="c">; 23 cm.</subfield>
  </datafield>
  <datafield tag="500" ind1=" " ind2=" ">
    <subfield code="a">Includes references and index</subfield>
  </datafield>
  <datafield tag="520" ind1=" " ind2=" ">
    <subfield code="a">This text presents the basics of electrical power conversion and control through the use of power semiconductor switches. In addition, by demonstrating the practical applications of power electronics and motion control using AC electrical machines in transportation and industry, among other uses, Modern Power Electronics and AC Drives reflects the latest advances in industrial automation.</subfield>
  </datafield>
  <datafield tag="650" ind1=" " ind2=" ">
    <subfield code="a">AC machine for drive</subfield>
    <subfield code="9">1240100</subfield>
  </datafield>
  <datafield tag="650" ind1=" " ind2=" ">
    <subfield code="a">Cycloconverters</subfield>
    <subfield code="9">1240101</subfield>
  </datafield>
  <datafield tag="650" ind1=" " ind2=" ">
    <subfield code="a">Voltage-Fed converters</subfield>
    <subfield code="9">1240102</subfield>
  </datafield>
  <datafield tag="650" ind1=" " ind2=" ">
    <subfield code="a">Synchronous motor drives</subfield>
    <subfield code="9">1240103</subfield>
  </datafield>
  <datafield tag="942" ind1=" " ind2=" ">
    <subfield code="c">TEXL</subfield>
    <subfield code="2">CC</subfield>
    <subfield code="h">D65 Q5-;13</subfield>
  </datafield>
  <datafield tag="999" ind1=" " ind2=" ">
    <subfield code="c">1678812</subfield>
    <subfield code="d">1678812</subfield>
  </datafield>
  <datafield tag="952" ind1=" " ind2=" ">
    <subfield code="0">0</subfield>
    <subfield code="1">0</subfield>
    <subfield code="2">CC</subfield>
    <subfield code="4">0</subfield>
    <subfield code="7">0</subfield>
    <subfield code="a">FTL</subfield>
    <subfield code="b">CSL</subfield>
    <subfield code="d">2026-04-08</subfield>
    <subfield code="e">115</subfield>
    <subfield code="g">776.00</subfield>
    <subfield code="l">0</subfield>
    <subfield code="o">D65 Q5;10</subfield>
    <subfield code="p">FT1793725</subfield>
    <subfield code="r">2026-04-08 00:00:00</subfield>
    <subfield code="v">970.00</subfield>
    <subfield code="w">2026-04-08</subfield>
    <subfield code="y">TEXL</subfield>
  </datafield>
  <datafield tag="952" ind1=" " ind2=" ">
    <subfield code="0">0</subfield>
    <subfield code="1">0</subfield>
    <subfield code="2">CC</subfield>
    <subfield code="4">0</subfield>
    <subfield code="7">0</subfield>
    <subfield code="a">FTL</subfield>
    <subfield code="b">CSL</subfield>
    <subfield code="d">2026-04-08</subfield>
    <subfield code="e">115</subfield>
    <subfield code="g">776.00</subfield>
    <subfield code="l">0</subfield>
    <subfield code="o">D65 Q5;11</subfield>
    <subfield code="p">FT1793726</subfield>
    <subfield code="r">2026-04-08 00:00:00</subfield>
    <subfield code="v">970.00</subfield>
    <subfield code="w">2026-04-08</subfield>
    <subfield code="y">TEXL</subfield>
  </datafield>
  <datafield tag="952" ind1=" " ind2=" ">
    <subfield code="0">0</subfield>
    <subfield code="1">0</subfield>
    <subfield code="2">CC</subfield>
    <subfield code="4">0</subfield>
    <subfield code="7">0</subfield>
    <subfield code="a">FTL</subfield>
    <subfield code="b">CSL</subfield>
    <subfield code="d">2026-04-08</subfield>
    <subfield code="e">115</subfield>
    <subfield code="g">776.00</subfield>
    <subfield code="l">0</subfield>
    <subfield code="o">D65 Q5;12</subfield>
    <subfield code="p">FT1793727</subfield>
    <subfield code="r">2026-04-08 00:00:00</subfield>
    <subfield code="v">970.00</subfield>
    <subfield code="w">2026-04-08</subfield>
    <subfield code="y">TEXL</subfield>
  </datafield>
  <datafield tag="952" ind1=" " ind2=" ">
    <subfield code="0">0</subfield>
    <subfield code="1">0</subfield>
    <subfield code="2">CC</subfield>
    <subfield code="4">0</subfield>
    <subfield code="7">0</subfield>
    <subfield code="a">FTL</subfield>
    <subfield code="b">CSL</subfield>
    <subfield code="d">2026-04-08</subfield>
    <subfield code="e">115</subfield>
    <subfield code="g">776.00</subfield>
    <subfield code="l">0</subfield>
    <subfield code="o">D65 Q5;13</subfield>
    <subfield code="p">FT1793728</subfield>
    <subfield code="r">2026-04-08 00:00:00</subfield>
    <subfield code="v">970.00</subfield>
    <subfield code="w">2026-04-08</subfield>
    <subfield code="y">TEXL</subfield>
  </datafield>
  <datafield tag="952" ind1=" " ind2=" ">
    <subfield code="0">0</subfield>
    <subfield code="1">0</subfield>
    <subfield code="2">CC</subfield>
    <subfield code="4">0</subfield>
    <subfield code="7">0</subfield>
    <subfield code="a">FTL</subfield>
    <subfield code="b">CSL</subfield>
    <subfield code="d">2026-04-13</subfield>
    <subfield code="e">115</subfield>
    <subfield code="g">776.00</subfield>
    <subfield code="l">0</subfield>
    <subfield code="o">D65 Q5</subfield>
    <subfield code="p">FT1793267</subfield>
    <subfield code="r">2026-04-13 00:00:00</subfield>
    <subfield code="v">970.00</subfield>
    <subfield code="w">2026-04-13</subfield>
    <subfield code="y">TEXL</subfield>
  </datafield>
  <datafield tag="952" ind1=" " ind2=" ">
    <subfield code="0">0</subfield>
    <subfield code="1">0</subfield>
    <subfield code="2">CC</subfield>
    <subfield code="4">0</subfield>
    <subfield code="7">0</subfield>
    <subfield code="a">FTL</subfield>
    <subfield code="b">CSL</subfield>
    <subfield code="d">2026-04-13</subfield>
    <subfield code="e">115</subfield>
    <subfield code="g">776.00</subfield>
    <subfield code="l">0</subfield>
    <subfield code="o">D65 Q5;1</subfield>
    <subfield code="p">FT1793268</subfield>
    <subfield code="r">2026-04-13 00:00:00</subfield>
    <subfield code="v">970.00</subfield>
    <subfield code="w">2026-04-13</subfield>
    <subfield code="y">TEXL</subfield>
  </datafield>
  <datafield tag="952" ind1=" " ind2=" ">
    <subfield code="0">0</subfield>
    <subfield code="1">0</subfield>
    <subfield code="2">CC</subfield>
    <subfield code="4">0</subfield>
    <subfield code="7">0</subfield>
    <subfield code="a">FTL</subfield>
    <subfield code="b">CSL</subfield>
    <subfield code="d">2026-04-13</subfield>
    <subfield code="e">115</subfield>
    <subfield code="g">776.00</subfield>
    <subfield code="l">0</subfield>
    <subfield code="o">D65 Q5;2</subfield>
    <subfield code="p">FT1793269</subfield>
    <subfield code="r">2026-04-13 00:00:00</subfield>
    <subfield code="v">970.00</subfield>
    <subfield code="w">2026-04-13</subfield>
    <subfield code="y">TEXL</subfield>
  </datafield>
  <datafield tag="952" ind1=" " ind2=" ">
    <subfield code="0">0</subfield>
    <subfield code="1">0</subfield>
    <subfield code="2">CC</subfield>
    <subfield code="4">0</subfield>
    <subfield code="7">0</subfield>
    <subfield code="a">FTL</subfield>
    <subfield code="b">CSL</subfield>
    <subfield code="d">2026-04-13</subfield>
    <subfield code="e">115</subfield>
    <subfield code="g">776.00</subfield>
    <subfield code="l">0</subfield>
    <subfield code="o">D65 Q5;3</subfield>
    <subfield code="p">FT1793270</subfield>
    <subfield code="r">2026-04-13 00:00:00</subfield>
    <subfield code="v">970.00</subfield>
    <subfield code="w">2026-04-13</subfield>
    <subfield code="y">TEXL</subfield>
  </datafield>
  <datafield tag="952" ind1=" " ind2=" ">
    <subfield code="0">0</subfield>
    <subfield code="1">0</subfield>
    <subfield code="2">CC</subfield>
    <subfield code="4">0</subfield>
    <subfield code="7">0</subfield>
    <subfield code="a">FTL</subfield>
    <subfield code="b">CSL</subfield>
    <subfield code="d">2026-04-13</subfield>
    <subfield code="e">115</subfield>
    <subfield code="g">776.00</subfield>
    <subfield code="l">0</subfield>
    <subfield code="o">D65 Q5;4</subfield>
    <subfield code="p">FT1793271</subfield>
    <subfield code="r">2026-04-13 00:00:00</subfield>
    <subfield code="v">970.00</subfield>
    <subfield code="w">2026-04-13</subfield>
    <subfield code="y">TEXL</subfield>
  </datafield>
  <datafield tag="952" ind1=" " ind2=" ">
    <subfield code="0">0</subfield>
    <subfield code="1">0</subfield>
    <subfield code="2">CC</subfield>
    <subfield code="4">0</subfield>
    <subfield code="7">0</subfield>
    <subfield code="a">FTL</subfield>
    <subfield code="b">CSL</subfield>
    <subfield code="d">2026-04-13</subfield>
    <subfield code="e">115</subfield>
    <subfield code="g">776.00</subfield>
    <subfield code="l">0</subfield>
    <subfield code="o">D65 Q5;5</subfield>
    <subfield code="p">FT1793272</subfield>
    <subfield code="r">2026-04-13 00:00:00</subfield>
    <subfield code="v">970.00</subfield>
    <subfield code="w">2026-04-13</subfield>
    <subfield code="y">TEXL</subfield>
  </datafield>
  <datafield tag="952" ind1=" " ind2=" ">
    <subfield code="0">0</subfield>
    <subfield code="1">0</subfield>
    <subfield code="2">CC</subfield>
    <subfield code="4">0</subfield>
    <subfield code="7">0</subfield>
    <subfield code="a">FTL</subfield>
    <subfield code="b">CSL</subfield>
    <subfield code="d">2026-04-13</subfield>
    <subfield code="e">115</subfield>
    <subfield code="g">776.00</subfield>
    <subfield code="l">0</subfield>
    <subfield code="o">D65 Q5;6</subfield>
    <subfield code="p">FT1793273</subfield>
    <subfield code="r">2026-04-13 00:00:00</subfield>
    <subfield code="v">970.00</subfield>
    <subfield code="w">2026-04-13</subfield>
    <subfield code="y">TEXL</subfield>
  </datafield>
  <datafield tag="952" ind1=" " ind2=" ">
    <subfield code="0">0</subfield>
    <subfield code="1">0</subfield>
    <subfield code="2">CC</subfield>
    <subfield code="4">0</subfield>
    <subfield code="7">0</subfield>
    <subfield code="a">FTL</subfield>
    <subfield code="b">CSL</subfield>
    <subfield code="d">2026-04-13</subfield>
    <subfield code="e">115</subfield>
    <subfield code="g">776.00</subfield>
    <subfield code="l">0</subfield>
    <subfield code="o">D65 Q5;7</subfield>
    <subfield code="p">FT1793274</subfield>
    <subfield code="r">2026-04-13 00:00:00</subfield>
    <subfield code="v">970.00</subfield>
    <subfield code="w">2026-04-13</subfield>
    <subfield code="y">TEXL</subfield>
  </datafield>
  <datafield tag="952" ind1=" " ind2=" ">
    <subfield code="0">0</subfield>
    <subfield code="1">0</subfield>
    <subfield code="2">CC</subfield>
    <subfield code="4">0</subfield>
    <subfield code="7">0</subfield>
    <subfield code="a">FTL</subfield>
    <subfield code="b">CSL</subfield>
    <subfield code="d">2026-04-13</subfield>
    <subfield code="e">115</subfield>
    <subfield code="g">776.00</subfield>
    <subfield code="l">0</subfield>
    <subfield code="o">D65 Q5;8</subfield>
    <subfield code="p">FT1793275</subfield>
    <subfield code="r">2026-04-13 00:00:00</subfield>
    <subfield code="v">970.00</subfield>
    <subfield code="w">2026-04-13</subfield>
    <subfield code="y">TEXL</subfield>
  </datafield>
  <datafield tag="952" ind1=" " ind2=" ">
    <subfield code="0">0</subfield>
    <subfield code="1">0</subfield>
    <subfield code="2">CC</subfield>
    <subfield code="4">0</subfield>
    <subfield code="7">0</subfield>
    <subfield code="a">FTL</subfield>
    <subfield code="b">CSL</subfield>
    <subfield code="d">2026-04-13</subfield>
    <subfield code="e">115</subfield>
    <subfield code="g">776.00</subfield>
    <subfield code="l">0</subfield>
    <subfield code="o">D65 Q5;9</subfield>
    <subfield code="p">FT1793276</subfield>
    <subfield code="r">2026-04-13 00:00:00</subfield>
    <subfield code="v">970.00</subfield>
    <subfield code="w">2026-04-13</subfield>
    <subfield code="y">TEXL</subfield>
  </datafield>
</record>
